000 00371nam a22001577a 4500
020 _a9789353906689
082 _aM3
_bBEN/N
100 _aBenyamin
245 _aNisabda sancharangal/
_cby Benyamin
260 _aKottayam:
_bD C Books,
_c2025.
300 _a312p.
650 _aNovel Malayalam
650 _aLiterature Malayalam
650 _aLiterature
942 _cBK
999 _c181909
_d181909